Formula one drivers by picture 2 - Statistics

General Stats
  • This quiz has been taken 566 times
  • The average score is 11 of 16
Answer Stats
Picture Answer % Correct
Michael Schumacher
98%
Charles Leclerc
97%
Valtteri Bottas
95%
Mark Webber
92%
Mika Häkkinen
89%
Esteban Ocon
88%
James Hunt
83%
Robert Kubica
78%
Damon Hill
74%
Juan Pablo Montoya
61%
Emerson Fittipaldi
46%
Takuma Sato
45%
Jarno Trulli
38%
Jean Alesi
29%
Pedro de la Rosa
24%
Olivier Panis
22%
No matching quizzes found
Score Distribution
Percent of People with Each Score
Percentile by Number Answered
Your Score History
You have not taken this quiz